| 000 | 01844cam a22004454i 4500 | ||
|---|---|---|---|
| 003 | PE-LiUPU | ||
| 005 | 20250731165428.0 | ||
| 008 | 160211s1995 pe grm 000 0 spa d | ||
| 035 | _a(Sirsi) a156083 | ||
| 040 |
_aPE-LiUPU _bspa _cPE-LiUPU _erda |
||
| 099 |
_aTE 2 _bC45 1995 |
||
| 100 | 1 |
_aCerrón Aquino, Mery Susi _eautor |
|
| 245 | 1 |
_aEstudio exploratorio sobre la lectura de historietas en niños de 6to. Grado de Primaria / _cMery Susi Cerrón Aquino. |
|
| 264 | 0 | _c1995. | |
| 300 |
_a69 hojas _c30 cm |
||
| 336 |
_atext _2rdacontent |
||
| 337 |
_aunmediated _2rdamedia |
||
| 338 |
_avolume _2rdacarrier |
||
| 502 |
_aTesis _b(Lic.) -- _cUniversidad Peruana Unión, _d1995. |
||
| 504 | _aIncluye referencias | ||
| 520 | 3 | _aLas historietas constituyen un fenómeno sociológico con implicaciones ideológicas porque dentro de la comunicación de masas no se trata realmente de una comunicación en su sentido dialógico, dado que las posibilidades de respuestas el mensaje que tienen los receptores es casi nula con respecto a las posibilidades de acción de los transmisores. La lectura de las historietas por parte de los educandos del nivel primario produce una influencia nociva porque permite que sean manipulados ideológicamente que responden a intereses. | |
| 526 | _aSEG44 | ||
| 526 | _aSEG26 | ||
| 526 | _aP151 | ||
| 526 | _aP150 | ||
| 526 | _aP149 | ||
| 526 | _aP146 | ||
| 526 | _aP145 | ||
| 526 | _aP126 | ||
| 526 | _aP125 | ||
| 526 | _aP92 | ||
| 526 | _aP75 | ||
| 526 | _aP74 | ||
| 526 | _aP27 | ||
| 526 | _aP15 | ||
| 650 | 0 | 4 |
_aTiras cómicas _xHistorietas _xEstudiantes de primaria. |
| 596 | _a1 | ||
| 942 |
_2ddc _cTESIS |
||
| 999 |
_aTE 2 C45 1995 _wALPHANUM _c8764 _iT00121 _lCCODEBUL3 _mBUL _r1 _sY _tTESIS _u2016-2-11 _xEDUCACION _PP20 _o.STAFF. Tesis _d8764 |
||
| 980 |
_81 _gALBERTO SANCHEZ Responsable de Automatización |
||